| 000 | 00395nam a2200145Ia 4500 | ||
|---|---|---|---|
| 008 | 230917s9999||||xx |||||||||||||| ||und|| | ||
| 040 |
_e176168 _aMAIN |
||
| 041 | _aEnglish | ||
| 082 | _a660.6 T226T | ||
| 100 | _aGanguli, Prabuddha, ed. | ||
| 245 | 0 | _aTechnology transfer in Biotechnology: A global perspective | |
| 260 |
_aWeinheim _bWiley-VCH _c2009 |
||
| 300 | _axii, 217 p. | ||
| 942 | _cBK | ||
| 999 |
_c151103 _d151103 |
||